Redes de telecomunicaciones : (Registro nro. 14318)

Detalles MARC
000 -CABECERA
Longitud fija campo de control 00781nam a2200181 a 4500
003 - • IDENTIFICADOR DELl NÚMERO DE CONTROL
Identificador del número de control CO-ViMGA
008 - • CÓDIGOS DE INFORMACIÓN DE LONGITUD FIJA
Códigos de información de longitud fija 141112s2004 ck r 000 u spa d
040 ## - FUENTE DE LA CATALOGACIÓN
Centro catalogador de origen CO-ViMGA
Lengua de catalogación spa
Centro transcriptor CO-ViMGA
082 04 - • NÚMERO DE LA CLASIFICACIÓN DECIMAL DEWEY
Número de clasificación (R) 621.380413 S248
100 1# - • PUNTO DE ACCESO PRINCIPAL-NOMBRE DE PERSONA
Nombre de persona Schwartz, Nlischa
245 10 - • TITULO PROPIAMENTE DICHO
Título Redes de telecomunicaciones :
Resto del título protocolos, modelado y analisis
300 ## - • DESCRIPCIÓN FÍSICA
Extensión 172 p : il
505 ## - • NOTA DE CONTENIDO CON FORMATO
Nota de contenido con formato Arquitecturas por niveles en redes de datos 71 - - Control de flujo y control de congestión 161 - - Introducción a la formulación de circuitos 497 - - procesamiento de llamadas en sistemas digitales de conmutación 685 - - El desarrollo delas redes integradas 647
650 14 - • PUNTO DE ACCESO ADICIONAL DE MATERIA - TÉRMINO DE MATERIA
Término de materia o nombre geográfico como elemento inicial TELECOMUNICACIONES - REDES
942 ## - ENTRADA DE ELEMENTOS AGREGADOS (KOHA)
Fuente de clasificaión o esquema Dewey Decimal Classification
Koha [por defecto] tipo de item LIbro
Existencias
Perdido Fuente de clasificación o esquema Estado Físico No para préstamo Forma de adquisición Localización permanente Localización actual Fecha adquisición Serie de enumeración / cronolog&íacute;a Préstamos totales Signatura completa Código de barras Fecha última consulta Número de copia Fecha del precio de reemplazo Tipo de item de Koha
  Dewey Decimal Classification     Sala Especializada Tercer Piso Biblioteca Pública Germán Arciniegas - Villavicencio Biblioteca Pública Germán Arciniegas - Villavicencio 12/04/2015 Volumen. 1 | 11/jun/2009   621.380413 S248 03693 12/04/2015 Ej. 1 12/04/2015 LIbro









Instituto Departamental de Cultura del Meta - Red Departamental de Bibliotecas Públicas del Meta.